| 000 | 00452cam a22001457a 4500 | ||
|---|---|---|---|
| 008 | 180718b1976 xxu||||| |||| 00| 0 eng d | ||
| 082 | _aF5x63 G397 | ||
| 100 | _aGilkes, Patrick | ||
| 245 |
_aDying lion: feudalism and modernization in Ethiopia _cby Patrick Gilkes |
||
| 260 |
_aDorset _bDavison _c1976 |
||
| 300 | _a307p. | ||
| 650 | _aEthiopia --Economic conditions | ||
| 650 | _aEthiopia --Politics and government | ||
| 650 | _aLand tenure --Ethiopia | ||
| 999 |
_c345446 _d345446 |
||